Представление документа в формате MARC21

Поле Инд. ПП Название Значение
Тип записи a
Библиографический уровень m
001 Контрольный номер RU/IS/BASE/264543007
005 Дата корректировки 20250807141839.0
008 Кодируемые данные 19970707
020 00 a ISBN 966-7104-25-7
040 00 e Правила каталог. Л 970707
084 a Индекс другой классификации/Индекс ББК 63.3(0)я20
090 00 a Полочн. индекс 63.3(0)я20
x Авторский знак П 735
097 00 a 230
245 00 a Заглавие Преступники и преступления с древности до наших дней
b Продолж. заглавия энциклопедия
c Ответственность составитель Д. А. Мамичев
p Название части/ раздела Гангстеры. Разбойники. Бандиты
260 00 a Место издания Донецк
b Издательство Сталкер
c Дата издания 1997
300 00 a Объем 416 с.
336 a Термин вида содержания Текст
337 a Термин типа средства непосредственный
600 a Персоналии Разин Степан Тимофеевич
a Персоналии Робин Гуд
650 a Основная рубрика история
653 00 a Ключевые слова I век до н.э.
a Ключевые слова II век
a Ключевые слова IV век
a Ключевые слова X век
a Ключевые слова XI век
a Ключевые слова XII век
a Ключевые слова XIII век
a Ключевые слова XIV век
a Ключевые слова XIX век
a Ключевые слова XV век
a Ключевые слова XVII век
a Ключевые слова XVIII век
a Ключевые слова XX век
a Ключевые слова Англия
a Ключевые слова бандитизм
a Ключевые слова гангстеры
a Ключевые слова древний мир
a Ключевые слова Древний Рим
a Ключевые слова заговоры
a Ключевые слова Исаврия
a Ключевые слова Италия
a Ключевые слова Киевская Русь
a Ключевые слова мафия
a Ключевые слова Московское государство
a Ключевые слова новейшее время
a Ключевые слова новое время
a Ключевые слова ограбление
a Ключевые слова преступление
a Ключевые слова преступность
a Ключевые слова Россия
a Ключевые слова Северная Америка
a Ключевые слова Сицилия
a Ключевые слова средние века
a Ключевые слова Столетняя война
a Ключевые слова США
a Ключевые слова терроризм
a Ключевые слова Тридцатилетняя война
a Ключевые слова убийство
a Ключевые слова Франция
a Ключевые слова Чечня
655 00 a Жанр/ форма (устаревшее) справочное издание; энциклопедия
700 10 a Автор Мамичев Д. А.
e Роль лиц составитель
901 t Тип документа m
952 a Тип литературы для КСУ ВШ ЭНЦ